00458nam a2200181Ia 4500001000700000003000500007008004100012010001100053020001800064040000900082082001200091100002500103245005400128260005100182300001100233503000800244650002400252Z_5727CHAP220113s2006 xx 000 0 und d a168831 a968-5146-31-4 cCHAP a193 N5y aNietzsche, Friedrich aAsí hablaba Zaratustra /cFriederich Nietzsche aMéxico, D. F. :b Ediciones leyenda,c2006 a217 p. ac/e aFilosofía alemana